Transporte a traves de la membrana celular /

Guardado en:
Autor Principal: Garrahan, P. J.
Otros Autores: Rega A F
Formato: Libro
Publicado: Washington : Secretar¡a General de la Organizaci¢n de los Estados American, 1977
Materias:
Etiquetas: Agregar Etiqueta
Sin Etiquetas, Sea el primero en etiquetar este registro!
LEADER 00514nam a22001575a 4500
001 CEM.cems002812
008 130507s1977##################000#0#####d
005 20240815080635.0
245 1 0 |a Transporte a traves de la membrana celular /  |c P. J. Garrahan 
260 |a Washington :  |b Secretar¡a General de la Organizaci¢n de los Estados American,  |c 1977 
300 |a 80 p. 
100 1 |a Garrahan, P. J. 
700 1 |a Rega A F 
082 0 4 |a 574.8 
653 |a Biologia 
859 |a CEMS  |b BIB. CEMS - Agricultura  |h 574.8  |i G191  |p A9888.81  |t Ej.1